| 000 | 00316nam a2200097Ia 4500 | ||
|---|---|---|---|
| 008 | 220204s9999 xx 000 0 und d | ||
| 082 |
_a001.817 _bCOM |
||
| 245 | 0 | _aComprehensive dissertation index ten year cumulation 1973-1982. V 9-11. Biological sciences | |
| 260 |
_aMichigan _bUniv Microfilm Intl _c1984 |
||
| 942 | _cBK | ||
| 999 |
_c38928 _d38928 |
||